00764 a2200205 4500001000700000020001500007040003200022100001700054245002200071260001300093300003100106362000900137490002600146520027100172650002200443650001300465650002600478650003200504650002200536126888 a0439318319 cEscola Canadense de Niteroi aHerman, Gail10aSea monster scare aNew York a32 p.c6 x 0.25 x 9 inches0 a20020 aHello reader! Level 2 aScooby-Doo and the gang are enjoying a relaxing day at the beach. Sun, sand, snacks, and... sea monsters? "Ro Way!" says Scooby. But if it wasn't a sea monster, what destroyed the gang's sand castle? And where is the gang? Scooby and Shaggy have to find them--fast!  4aDetective Stories 4aMonsters 4aChildren's Literature 4aMystery, Thriller or Terror 4aSolving Mysteries